Economía de recursos naturales : (Registro nro. 7971)
[ vista simple ]
| 000 -LEADER | |
|---|---|
| fixed length control field | 02151nam a2200277Ia 4500 |
| 003 - CONTROL NUMBER IDENTIFIER | |
| control field | OSt |
| 005 - DATE AND TIME OF LATEST TRANSACTION | |
| control field | 20210605122408.0 |
| 008 - FIXED-LENGTH DATA ELEMENTS--GENERAL INFORMATION | |
| fixed length control field | 210310s2008 ck ad gr 000 0dspa d |
| 020 ## - INTERNATIONAL STANDARD BOOK NUMBER | |
| International Standard Book Number | 9789586953702 |
| 040 ## - CATALOGING SOURCE | |
| Original cataloging agency | CO-JMCR |
| Transcribing agency | CO-JMCR |
| 041 0# - LANGUAGE CODE | |
| Language code of text/sound track or separate title | spa |
| 082 04 - DEWEY DECIMAL CLASSIFICATION NUMBER | |
| Classification number | 333.71 / |
| Item number | M244e |
| Edition number | 23 |
| 100 1# - MAIN ENTRY--PERSONAL NAME | |
| Personal name | Maldonado, Jorge Higinio, |
| 9 (RLIN) | 15962 |
| Relator term | autor |
| 245 10 - TITLE STATEMENT | |
| Title | Economía de recursos naturales : |
| Remainder of title | aplicaciones de la economía computacional a la solución de problemas dinámicos / |
| Statement of responsibility, etc. | Jorge Higinio Maldonado |
| 250 ## - EDITION STATEMENT | |
| Edition statement | Primera edición |
| 260 ## - PUBLICATION, DISTRIBUTION, ETC. | |
| Place of publication, distribution, etc. | Bogotá : |
| Name of publisher, distributor, etc. | Universidad de los Andes, |
| Date of publication, distribution, etc. | 2008 |
| 300 ## - PHYSICAL DESCRIPTION | |
| Extent | xiii, 229 páginas : |
| Other physical details | ilustraciones y gráficas a blanco y negro ; |
| Dimensions | 24 cm. |
| 490 0# - SERIES STATEMENT | |
| Series statement | Colección Cede 50 años |
| 500 ## - GENERAL NOTE | |
| General note | Incluye notas a pie de página y datos biográficos del autor. |
| 504 ## - BIBLIOGRAPHY, ETC. NOTE | |
| Bibliography, etc. note | Bibliografía: páginas 227-229 |
| 505 0# - FORMATTED CONTENTS NOTE | |
| Formatted contents note | Introducción a la economía de recursos naturales -- Modelos económicos para el análisis de recursos naturales -- Economía computacional para recursos naturales |
| 520 3# - SUMMARY, ETC. | |
| Summary, etc. | La economía de los recursos naturales es un área cuyo interés y aplicación vienen creciendo en el mundo, especialmente en los países en vías de desarrollo, ricos en estos recursos. A pesar de este auge, no es mucha la literatura que se encuentra en idioma español al respecto. Este libro presenta los más recientes avances en el área de la economía de los recursos naturales, al incluir aplicaciones para casos reales. Además de revisar los modelos clásicos en la literatura de recursos renovables (pesquerías y bosques) y no renovables, introduce la aplicación de la programación dinámica como método de optimización de sistemas dinámicos al caso de los recursos naturales. Para darles fortaleza a las ventajas de la programación dinámica, se exploran las herramientas de la economía computacional y la solución numérica a problemas complejos relacionados con la asignación eficiente de recursos naturales. |
| 650 14 - SUBJECT ADDED ENTRY--TOPICAL TERM | |
| Topical term or geographic name entry element | Economía ambiental |
| 9 (RLIN) | 15964 |
| General subdivision | Modelos matemáticos |
| 650 24 - SUBJECT ADDED ENTRY--TOPICAL TERM | |
| Topical term or geographic name entry element | Protección del medio ambiente |
| General subdivision | Aspectos económicos |
| Geographic subdivision | Colombia |
| 9 (RLIN) | 38160 |
| 942 ## - ADDED ENTRY ELEMENTS (KOHA) | |
| Source of classification or shelving scheme | Dewey Decimal Classification |
| Koha item type | Books |
| Withdrawn status | Lost status | Source of classification or shelving scheme | Damaged status | Not for loan | Collection code | Home library | Current library | Date acquired | Source of acquisition | Total Checkouts | Full call number | Barcode | Date last seen | Date last checked out | Copy number | Koha item type |
|---|---|---|---|---|---|---|---|---|---|---|---|---|---|---|---|---|
| Dewey Decimal Classification | Non-fiction | Biblioteca Pública José María del Castillo y Rada | Biblioteca Pública José María del Castillo y Rada | 04/15/2018 | Donación | 3 | 333.71 / M244e | 430003598 | 05/16/2024 | 10/23/2023 | Ej.1 | Books |